|
|
|
|
| LEADER |
01748nam a22003137a 4500 |
| 001 |
44251 |
| 003 |
BD-DhAAL |
| 005 |
20250323111652.0 |
| 008 |
250319t2024 |||a|||| b||| 001 0 eng d |
| 020 |
|
|
|a 9783031712968
|
| 020 |
|
|
|a 9783031712975 (e-Book)
|
| 040 |
|
|
|a BD-DhAAL
|d BD-DhAAL
|
| 082 |
|
|
|a 344.046
|2 23
|
| 245 |
|
|
|a International law, climate change and Bangladesh /
|c edited by Mahatab Uddin.
|
| 250 |
|
|
|a First edition.
|
| 260 |
|
|
|a Cham, Switzerland :
|b Springer Nature,
|c 2024.
|
| 300 |
|
|
|a xxv, 466 pages :
|b illustrations ;
|c 24 cm
|
| 500 |
|
|
|a 341.095492International law--Bangladesh.
|
| 526 |
|
|
|x K. Shamsuddin Mahmood
Professor
School of Low
References book
|
| 541 |
|
|
|a Hye Trade International
|e 44249, 44250, 44251
|
| 650 |
|
|
|a Environmental law.
|9 57992
|
| 650 |
|
|
|a Climatic changes
|x Law and legislation.
|9 3949
|
| 650 |
|
|
|a Environmental policy.
|
| 700 |
|
|
|a Uddin, Mahatab.
|9 57990
|
| 942 |
|
|
|2 ddc
|c BK
|
| 999 |
|
|
|c 47230
|d 47230
|
| 952 |
|
|
|0 0
|1 0
|2 ddc
|4 0
|6 344_046000000000000_INT
|7 0
|9 77498
|a BRACUL
|b BRACUL
|c GEN
|d 2025-03-18
|e Hye Trade International
|g 14816.00
|l 0
|o 344.046 INT
|p 3010044251
|r 2025-03-18
|t 2
|v 14816.00
|w 2025-03-18
|y BK
|x Requisitioned by K. Shamsuddin Mahmood for the course named N/A
|
| 952 |
|
|
|0 0
|1 0
|2 ddc
|4 0
|6 344_046000000000000_INT
|7 0
|9 77499
|a BRACUL
|b BRACUL
|c GEN
|d 2025-03-18
|e Hye Trade International
|g 14816.00
|l 0
|o 344.046 INT
|p 3010044249
|r 2025-03-18
|t 1
|v 14816.00
|w 2025-03-18
|y BK
|x Requisitioned by K. Shamsuddin Mahmood for the course named N/A
|
| 952 |
|
|
|0 0
|1 0
|2 ddc
|4 0
|6 344_046000000000000_INT
|7 0
|9 77500
|a BRACUL
|b BRACUL
|c GEN
|d 2025-03-18
|e Hye Trade International
|g 14816.00
|l 0
|o 344.046 INT
|p 3010044250
|r 2025-03-18
|t 3
|v 14816.00
|w 2025-03-18
|y BK
|x Requisitioned by K. Shamsuddin Mahmood for the course named N/A
|